| 000 | 00729nam a2200217Ia 4500 | ||
|---|---|---|---|
| 003 | GCL | ||
| 008 | 140319s9999 xx 000 0 ara d | ||
| 040 |
_aGCL / _cGCL |
||
| 082 | 0 | 4 |
_a220 _bب ب |
| 100 | 1 | _aبدرالدين محمد بن عبدالله الز | |
| 245 | 1 | 0 |
_aالبرهان فى علوم القران / _cبدرالدين محمد بن عبدالله الز |
| 700 | 1 | _aالزركشى : بدرالدين محمد بن عبد | |
| 260 |
_aبيروت : _bدار احياء الكتب العربية ، _c1958 |
||
| 300 |
_aمتعدد ؛ _c22 سم |
||
| 490 | _a | ||
| 650 | 0 | 4 | _aالمباحث العامة |
| 650 | 0 | 4 | _aتفاسير |
| 650 | 0 | 4 | _aفضائل |
| 650 | 0 | 4 | _aالقران |
| 942 |
_2ddc _cBK |
||
| 999 |
_c58781 _d58781 |
||